00487nam a2200169Ia 450000500170000000800410001702000180005804000190007604100120009508200130010710000240012024500940014426000410023830000160027965000120029585000100030720240613094232.0131103s9999 xx 000 0 und d a0 19 564356 9 aLoreto College aEnglish a574bKAS aKasinathan, Kalpana aExplore biologyb for the middle school 3 cKalpana Kasinathan & Sanghamitra Bhattacharya aDelhibOxford University Pressc1997 a76p.b ill. aBiology aLCBED